000 01568nam a2200373 a 4500
001 0000322
003 DO-SdBNP
005 20180306101024.0
007 0000322
008 150130s2014 dr abc 000 0 spa d
020 _a9789945495011
040 _aBPMSU
_bspa
_cBPMSU
092 _a372.257
_bV335c, 5to. 2014
100 1 _aVásquez Güichardo, Julia Mery
245 1 0 _aCiencias de la naturaleza 5 :
_b[educación básica] /
_cJulia Mery Vásquez Güichardo, Andrea Griselda Rincón Ozuna ; producción editorial María del Jesús de la Rosa ; ilustraciones Henry Cid
260 _aSanto Domingo :
_bActualidad Escolar 2000,
_c2014.
300 _a2v. :
_bil., retrs. ;
_c28 cm.
500 _aEdición revisada y actualizada al 2014.
500 _aQuinto grado. Segudo ciclo educación básica
504 _aBibliografía p: 171
505 1 _tConociendo nuestro planeta --
_tHistoria de nuestro planeta: La tierra --
_tLa vida en la tierra --
_tEnergía y movimiento --
_tLa luz que nos rodea --
650 4 _aCIENCIAS NATURALES
_xENSEÑANZA BÁSICA
650 4 _aCIENCIAS NATURALES
_xEDUCACIÓN PRIMARIA
650 4 _aEDUCACIÓN PRIMARIA
_xREPÚBLICA DOMINICANA
650 4 _aCIENCIAS NATURALES
_xLIBROS DE TEXTOS
650 4 _aCIENCIAS NATURALES
_xESTUDIOS Y EJERCICIOS
700 1 2 _aRincón Ozuna, Andrea Griselda
700 1 2 _aRosa, María del Jesús de la
_e ed.
700 1 2 _aCid, Henry
_eil.
910 _aValidado. Control de calidad MFF
942 _2ddc
_cBK
945 _aRemanejado para la BNPHU / 2018 VM
956 _aYLOCKWARD
_b10
999 _c9889
_d9889